000 00444cam a2200193ua 4500
001 9099
008 150221n ii |||gr||||Z||||||eng
020 _a8175812109
040 _cMAIN
041 _aeng
082 _a920
100 _aTilak, R.,
_eAuthor.
245 1 _aLife of pope
_cBy Raghukul Tilak
250 _a4th.
260 _aNew Delhi:
_bRama,
_c2004.
300 _a380p.
653 _aBiography, genealogy & insignia
942 _cBK
999 _c8183
_d8183